| 000 | 00712nam a22002057a 4500 | ||
|---|---|---|---|
| 003 | OSt | ||
| 005 | 20250923035401.0 | ||
| 008 | 250923b |||||||| |||| 00| 0 eng d | ||
| 020 | _a0-8129-1017-6 | ||
| 040 |
_aDWCL-Main lib _cOC |
||
| 082 | _aGR. 941.085 L131 1982 | ||
| 100 | _aLacey, R. | ||
| 245 |
_aPrincess _b |
||
| 260 |
_aNew York : _bTimes Books, _cc1982 |
||
| 300 |
_a127 pages : _bcolored illustration : _c28 cm. |
||
| 650 | _2Diana, Princess of Wales, 1961-1997--Juvenile literature. | ||
| 650 | _2Diana, Princess of Wales, 1961-1997. | ||
| 650 | _2Princesses--Great Britain--Biography--Juvenile literature. | ||
| 942 |
_2ddc _cGR _hGR. 941.085 L131 1982 _kGR. _n0 |
||
| 999 |
_c4503 _d4503 |
||